| Tag |
First Indicator |
Second Indicator |
Subfields |
| LEADER |
00000cam a2200000 a 4500 |
| 001 |
in00000032275 |
| 005 |
20151007060444.0 |
| 008 |
871130s1988 ncuabf b 10100 eng |
| 010 |
|
|
|a 87033186
|
| 020 |
|
|
|a 0822307588
|
| 035 |
|
|
|a (OCoLC)17263415
|
| 035 |
|
|
|9 AAC0896AM
|
| 040 |
|
|
|a DLC
|c DLC
|d TXA
|d UtOrBLW
|
| 043 |
|
|
|a e-ur-un
|
| 049 |
|
|
|a TXAM
|c [A11693708]
|
| 050 |
0 |
0 |
|a DK508.9.K78
|b T37 1987
|
| 050 |
|
4 |
|a DK508.9.K78
|b T37 1988
|
| 082 |
0 |
|
|a 323.4/0947
|2 19
|
| 245 |
0 |
0 |
|a Tatars of the Crimea :
|b their struggle for survival : original studies from North America, unofficial and official documents from Czarist and Soviet sources /
|c Edward Allworth, editor.
|
| 264 |
|
1 |
|a Durham :
|b Duke University Press,
|c 1988.
|
| 300 |
|
|
|a xii, 394 pages, 2 unnumbered pages of plates :
|b illustrations, maps ;
|c 25 cm.
|
| 336 |
|
|
|a text
|b txt
|2 rdacontent
|
| 337 |
|
|
|a unmediated
|b n
|2 rdamedia
|
| 338 |
|
|
|a volume
|b nc
|2 rdacarrier
|
| 490 |
1 |
|
|a Central Asia book series
|
| 500 |
|
|
|a Based on a colloquium held Oct. 9, 1986, Columbia University, and sponsored by the university's Center for the Study of Central Asia.
|
| 504 |
|
|
|a Bibliography: pages [357]-360.
|
| 500 |
|
|
|a Includes index.
|
| 650 |
|
0 |
|a Crimean Tatars
|x Civil rights
|x Congresses.
|
| 650 |
|
0 |
|a Human rights
|z Soviet Union
|x Congresses.
|
| 700 |
1 |
|
|a Allworth, Edward.
|
| 710 |
2 |
|
|a Columbia University.
|b Center for the Study of Central Asia.
|
| 830 |
|
0 |
|a Central Asia book series.
|
| 999 |
|
|
|a MARS
|
| 999 |
f |
f |
|s 3c64203b-9026-3614-891e-674b1a13d04a
|i 368d97cf-8a15-3551-a127-547c21071a50
|t 0
|
| 952 |
f |
f |
|p normal
|a Texas A&M University
|b College Station
|c Sterling C. Evans Library
|d Evans: Library Stacks
|t 0
|e DK508.9.K78 T37 1988
|h Library of Congress classification
|i unmediated -- volume
|m A14811693708
|
| 998 |
f |
f |
|a DK508.9.K78 T37 1988
|t 0
|l Evans: Library Stacks
|